000 00691nam a2200229Ia 4500
003 GCL
008 140319s9999 xx 000 0 ara d
040 _aGCL /
_cGCL
082 0 4 _a658.15
_bم ا
100 1 _aمنير ابراهيم هندى
245 1 0 _aادارة المنشات المالية /
_cمنير ابراهيم هندى
260 _a[S.N] :
_bمنشاة المعارف ،
_c1994
300 _a765 ص
490 _a
650 0 4 _aادارة الاعمال
650 0 4 _aالاستثمار
650 0 4 _aالادارة المالية
650 0 4 _aالبنوك
650 0 4 _aبنوك الاستثمار
650 0 4 _aاتخاذ القرارات
942 _2ddc
_cBK
999 _c33443
_d33443